ბათუმის შოთა რუსთაველის სახელმწიფო უნივერსიტეტის ბიბლიოთეკა

The Story of Buildings: From the Pyramids to the Sydney Opera House and Beyond / (ბიბ.ჩანაწერი № 56489)

000 -LEADER
fixed length control field 00853nam a2200265Ia 4500
001 - CONTROL NUMBER
control field 23602
003 - CONTROL NUMBER IDENTIFIER
control field GE_BSU
005 - DATE AND TIME OF LATEST TRANSACTION
control field 20221111162856.0
008 - FIXED-LENGTH DATA ELEMENTS--GENERAL INFORMATION
fixed length control field 181216s2014||||en |||||||||||||| ||eng||
020 ## - INTERNATIONAL STANDARD BOOK NUMBER
International Standard Book Number 9780763669904x
040 ## - CATALOGING SOURCE
Transcribing agency GE_BSU
041 ## - LANGUAGE CODE
Language code of text/sound track or separate title eng
080 ## - UNIVERSAL DECIMAL CLASSIFICATION NUMBER
Universal Decimal Classification number 721 D-57
100 ## - MAIN ENTRY--PERSONAL NAME
Personal name Dillon, Patrick
9 (RLIN) 4585
245 #4 - TITLE STATEMENT
Title The Story of Buildings: From the Pyramids to the Sydney Opera House and Beyond /
Statement of responsibility, etc. Patrick Dillon ; Illustrated by : Stephen Biesty
260 ## - PUBLICATION, DISTRIBUTION, ETC.
Place of publication, distribution, etc. Dongguan
260 ## - PUBLICATION, DISTRIBUTION, ETC.
Name of publisher, distributor, etc. Candlewick Press
260 ## - PUBLICATION, DISTRIBUTION, ETC.
Date of publication, distribution, etc. 2014
300 ## - PHYSICAL DESCRIPTION
Extent 95 p.:
Other physical details ill ;
Dimensions 30 cm.
653 ## - INDEX TERM--UNCONTROLLED
keyword The Story of Buildings: From the Pyramids to the Sydney Opera House and Beyond
653 ## - INDEX TERM--UNCONTROLLED
keyword Архитектура
653 ## - INDEX TERM--UNCONTROLLED
keyword არქიტექტურა
700 ## - ADDED ENTRY--PERSONAL NAME
Personal name Biesty, Stephen
Relator term მხატვარი
9 (RLIN) 4586
942 ## - ADDED ENTRY ELEMENTS (KOHA)
Koha item type წიგნი
Source of classification or shelving scheme
ეგზემპლარები
Withdrawn status Lost status Source of classification or shelving scheme Damaged status Not for loan Permanent Location Current Location Shelving location Date acquired Cost, normal purchase price Full call number Barcode Date last seen Copy number Price effective from Koha item type Public note
          ბათუმის შოთა რუსთაველის სახელმწიფო უნივერსიტეტის მთავარი ბიბლიოთეკა ტექნოლოგიური ფაკულტეტის ბიბლიოთეკა წიგნსაცავი 2018-12-17 50.00 721 D-57 58777 2018-12-17 58777 2018-12-17 წიგნი 50.00